| 000 | 02861nam a2200265Ia 4500 | ||
|---|---|---|---|
| 003 | CO-CtgCURN | ||
| 005 | 20250719141621.0 | ||
| 008 | 220708s2022 xx 000 0 und d | ||
| 040 |
_aCO-CtgCURN _bspa _ccoctgcurn |
||
| 082 |
_aTSO 2022 _bP438p |
||
| 100 |
_aPérez Pérez, Marian Julia _eautora _95886 |
||
| 245 | 0 |
_aProcesos de reconocimiento y hechos de discriminación frente a la tipología de familias homoparentales en el corregimiento de Riofrio, municipio Zona Bananera, del Departamento de Magdalena _h[electronic resource] / _cMarian Julia Pérez Pérez; asesor., Cristian Erney Mejía Ramírez |
|
| 260 |
_aBarranquilla, Atlántico : _bCorporación Universitaria Rafael Núñez, _c2022 |
||
| 300 |
_a1 recurso en línea (91 páginas (PDF)) : _btablas, imágenes, gráficas |
||
| 502 | _aTrabajo de Grado (Trabajadora Social). Corporación Universitaria Rafael Núñez. Facultad de Ciencias Sociales y Humanas. Programa de Trabajo Social, 2022 | ||
| 504 | _aIncluye referencias bibliográficas | ||
| 520 | _aLa presente investigación tiene como objetivo principal develar los procesos de reconocimiento y hechos de discriminación frente a las tipologías de familias homoparentales en el corregimiento de Riofrío, Municipio Zona Bananera del departamento de Magdalena, con ello se pretendió tener un acercamiento al contexto próximo de esta tipología familiar para evidenciar sus experiencias en cuanto al fenómeno de la discriminación y el reconocimiento del concepto de familia homoparental mediante los procesos que se estén llevando a cabo por el ente correspondiente. Dentro de los hallazgos más importantes se encuentra la identificación de las etapas del ciclo vital de las familias y el ciclo de vida en el que se encuentran sus miembros. También la evidencia de discriminación por interseccionalidad y homofobia personal e interpersonal. Por último, se denota la falta de acciones positivas que permitan abordar a las familias homoparentales desde su individualidad o como grupo, puesto que las acciones desarrolladas por el ente municipal se dan más para el movimiento LGTBIQ+ en general y no existe ningún tipo de programa o actividad donde se integren o participen y permita el posicionamiento y empoderamiento de estas como modelo de familia, ante los residentes del corregimiento de Riofrio, Municipio Zona Bananera. | ||
| 521 | _aAREA PROFESIONAL | ||
| 590 | _aPrograma de Trabajo Social_26 | ||
| 650 |
_aTrabajo Social _vTesis y disertaciones académicas _95887 |
||
| 700 |
_aMejía Ramírez, Cristian Erney _easesor _95888 |
||
| 856 |
_uhttps://unicurn.sharepoint.com/:b:/s/biblioteca/ERvFWWsiASJDkbaGPidaGu0BCuOs3lJNswkAxppgY-q1DQ?e=ZFackS _yConsulte aquí el texto completo |
||
| 942 |
_cTG _hTSO 2022 _iP438p _2ddc _n0 |
||
| 999 |
_c608 _d608 |
||